Theilheimer´s Synthetic Methods of Organic Chemistry Volume 79

Salvato in:
Dettagli Bibliografici
Altri autori: Tozer-Hotchkiss, Gillian (Redattore)
Natura: Libro
Lingua:inglese
Pubblicazione: Basel S.Karger 2012
Soggetti:
Accesso online:Visualizza in OPAC
Tags: Aggiungi Tag
Nessun Tag, puoi essere il primo ad aggiungerne!!

MARC

LEADER 00000nam a2200000 a 4500
005 20260127134218.0
008 120921 2012 000 0 eng d
020 |a 9783805599542 
035 |a vtls010452195 
039 9 |y 201209211030  |z mschk03 
040 |a STUSCHK1  |b slo  |c STUSCHK1  |e AACR2 
080 |a 547 
245 1 |a Theilheimer´s Synthetic Methods of Organic Chemistry  |n Volume 79  |c editor Gillian Tozer-Hotchkiss 
260 |a Basel  |b S.Karger  |c 2012 
300 |a 492 s.  |c 23 cm 
650 0 |a Organic chemistry 
700 1 |a Tozer-Hotchkiss, Gillian  |4 edt 
910 |a SCHK95 
919 |a 978-3-8055-9954-2 
999 |c 6847  |d 6847